[Event "POR-chT 1st Divison 2018"]
[Site "Maia"]
[Date "2018.07.21"]
[Round "8"]
[White "Iturrizaga Bonelli, Eduardo"]
[Black "Spraggett, Kevin Barry"]
[Result "1/2-1/2"]
[WhiteElo "2652"]
[BlackElo "2530"]
[Annotator "TA"]
[PlyCount "51"]
[EventDate "2018.07.16"]
[EventType "team-tourn"]
[EventCountry "POR"]
[SourceTitle "playchess.com"]
[Source "ChessBase"]
[SourceQuality "1"]

{[%evp 19,51,46,56,40,35,39,36,18,26,27,30,21,70,40,42,35,33,28,61,2,4,0,0,0,0,0,21,0,14,-12,-22,-35,-35,0]} 1. c4 Nf6 2. g3 c5 3. Bg2 e6 4. Nf3 a6 5. d4 cxd4 6. Nxd4 {E10: Blumenfeld Gambit} d6 (6... Qc7 7. Nd2 Bc5 8. N2b3 Be7 9. Be3 d6 10. Rc1 Nbd7 11. O-O O-O 12. Qd2 Nc5 13. Rfd1 Bd7 14. Nxc5 dxc5 15. Nb3 {½-½ (52) Vallejo Pons,F (2711)-Anand,V (2779) Doha 2016}) 7. O-O Be7 8. b3 Qc7 9. Bb2 Bd7 10. Nc3 {[%cal Bb1c3,Bc3a4,Ba4b6][%mdl 32]} Nc6 {LiveBook: 23 Games} 11. e3 Rc8 12. Rc1 Qb8 13. Na4 $146 {Black must now prevent Nb6.} ({Predecessor:} 13. Ne4 Nxd4 14. Nxf6+ Bxf6 15. Bxd4 b5 {0-1 (40) Bruzon Batista,L (2617)-Savchenko,B (2655) Havana 2009}) 13... Nxd4 14. Bxd4 Bc6 15. Nb6 Rd8 16. Bxc6+ bxc6 17. Qf3 Qb7 18. c5 {Strongly threatening cxd6.} d5 19. Bxf6 ({Better is} 19. b4 $14) 19... Bxf6 $11 20. e4 O-O 21. exd5 exd5 22. Rfe1 Rfe8 23. Re2 Re6 24. Rxe6 fxe6 25. Qg4 Qf7 26. Qa4 {Precision: White = 41%, Black = 64%.} 1/2-1/2

[Event "POR-chT 1st Divison 2018"]
[Site "Maia"]
[Date "2018.07.21"]
[Round "8"]
[White "Vavulin, Maksim"]
[Black "Galego, Luis"]
[Result "1-0"]
[WhiteElo "2552"]
[BlackElo "2471"]
[Annotator "TA"]
[PlyCount "107"]
[EventDate "2018.07.16"]
[EventType "team-tourn"]
[EventCountry "POR"]
[SourceTitle "playchess.com"]
[Source "ChessBase"]
[SourceQuality "1"]

{[%evp 23,107,55,55,57,57,54,60,50,50,52,104,102,100,104,97,87,93,87,149,146,197,194,202,185,266,187,202,191,222,225,281,271,267,269,294,290,295,297,293,281,275,281,273,272,268,262,264,259,239,199,292,221,300,294,308,308,491,490,476,429,908,903,889,823,790,786,1057,1037,891,965,1025,993,1736,1276,1276,1259,29972,29972,29974,29974,29983,29984,29983,29984,29985,29986]} 1. e4 d5 2. exd5 Qxd5 3. Nc3 Qa5 4. d4 Nf6 5. Nf3 Bg4 6. h3 Bxf3 7. Qxf3 c6 8. Bd2 Nbd7 9. O-O-O e6 10. Bc4 Bb4 11. a3 {B01: Scandinavian Defence} Bxc3 12. Bxc3 Qc7 {LiveBook: 3 Games} 13. Bd2 {White is slightly better.} O-O {[#]} 14. Bf4 $146 ({Predecessor:} 14. Rhe1 a5 15. g4 Rfe8 16. g5 Nd5 17. h4 b5 18. Bd3 b4 {½-½ (82) Potkin,V (2597)-Munoz Pantoja,M (2473) Tallinn 2016}) 14... Qa5 15. Bb3 Rfc8 16. Kb1 c5 (16... Qf5 $14) 17. Qxb7 $16 cxd4 18. Rxd4 Nc5 19. Qb4 Nxb3 20. Qxb3 Nd5 (20... Qc5 $142 21. Be3 Qc7) 21. Bg3 Rc6 (21... Nb6 $16 {might work better.} 22. Rhd1 h6) 22. c4 $18 Nb6 23. Rhd1 {White wants to mate with Rd8+.} h6 (23... Re8 $142 24. Qd3 Rcc8) 24. Qb5 Qxb5 25. cxb5 Rc5 26. a4 Nd5 27. Bd6 Rcc8 28. a5 Rd8 {[#]} 29. Bc7 $1 {[%mdl 512]} Rdc8 (29... Nxc7 30. Rxd8+) 30. b6 axb6 31. axb6 Nxc7 32. b7 (32. bxc7 Rxc7 33. Rd8+ Rxd8 $11) 32... Nd5 {[#]} 33. Rc4 $1 {[%mdl 512]} Rcb8 (33... Rxc4 34. bxa8=Q+) 34. bxa8=Q ({Don't take} 34. bxa8=R $6 Rxa8 35. Rdd4 Kf8 $18) 34... Rxa8 {[%mdl 4096] Endgame KRR-KRN} 35. Rd3 Rb8 36. Ra3 Rb7 (36... g5 $142 37. h4 Kg7) 37. Rc8+ Kh7 38. Rca8 Rb4 39. R8a7 Rf4 (39... Kg8 $142 40. Rf3 Nf6) 40. Rf3 Rxf3 41. gxf3 {KR-KN} f5 (41... Kg6 $142 42. Rb7 f6) 42. Rb7 Kg6 43. Kc2 Kf6 44. b4 {[%cal Bb2b4,Bb4b5][%mdl 32]} g5 45. b5 Ke5 46. Rd7 h5 47. Kb3 h4 48. Rd8 Nb6 49. Kb4 g4 50. fxg4 {White mates.} fxg4 51. hxg4 Kf4 52. Kc5 Na4+ 53. Kc6 e5 54. Ra8 {Precision: White = 88%, Black = 34%.} 1-0

[Event "POR-chT 1st Divison 2018"]
[Site "Maia"]
[Date "2018.07.21"]
[Round "8"]
[White "Gargatagli, Hipolito Asis"]
[Black "Zelbel, Patrick"]
[Result "1/2-1/2"]
[WhiteElo "2538"]
[BlackElo "2418"]
[Annotator "RC"]
[PlyCount "24"]
[EventDate "2018.07.16"]
[EventType "team-tourn"]
[EventCountry "POR"]
[SourceTitle "playchess.com"]
[Source "ChessBase"]
[SourceQuality "1"]
[TimeControl "5400+30"]

1. e4 {[%emt 0:02:34]} Nf6 {[%emt 0:00:34]} 2. e5 {[%emt 0:00:20]} Nd5 {[%emt 0:00:08]} 3. d4 {[%emt 0:00:06]} d6 {[%emt 0:00:19]} 4. Nf3 {[%emt 0:00:06]} g6 {[%emt 0:00:25]} 5. Bc4 {[%emt 0:01:32]} Nb6 {[%emt 0:00:30]} 6. Bb3 {[%emt 0:00:09]} Bg7 {[%emt 0:00:31]} 7. O-O {[%emt 0:00:58]} O-O {[%emt 0:00:29]} 8. exd6 {[%emt 0:00:21]} cxd6 {[%emt 0:00:02]} 9. h3 {[%emt 0:00:06]} Nc6 {[%emt 0:00:40]} 10. d5 {[%emt 0:00:21]} Na5 {[%emt 0:01:13]} 11. Nc3 {[%emt 0:00:29]} Re8 {[%emt 0:09:54]} 12. Re1 {[%emt 0:25:58]} a6 {[%emt 0:06:34]} 1/2-1/2

[Event "POR-chT 1st Divison 2018"]
[Site "Maia"]
[Date "2018.07.21"]
[Round "8"]
[White "Kantans, Toms"]
[Black "Sousa, Andre Ventura"]
[Result "1-0"]
[WhiteElo "2529"]
[BlackElo "2373"]
[Annotator "TA"]
[PlyCount "133"]
[EventDate "2018.07.16"]
[EventType "team-tourn"]
[EventCountry "POR"]
[SourceTitle "playchess.com"]
[Source "ChessBase"]
[SourceQuality "1"]

{[%evp 21,133,49,36,39,40,42,42,35,48,48,56,39,65,37,70,68,66,53,48,46,50,31,87,87,87,104,87,87,98,89,87,91,96,59,89,60,100,111,187,185,233,0,0,0,0,0,0,0,0,0,0,0,0,0,6,6,6,6,8,8,8,8,8,8,8,8,8,8,8,8,8,8,8,8,29958,29966,5081,8,8,8,8,8,8,8,29973,29975,29977,29978,29978,29977,29977,29978,29978,29979,29979,29980,29980,29981,29983,29984,29984,29981,29981,29982,29980,0,8,0,29984,29985,29985,29986,29986,29987]} 1. e4 {Mikhalchishin,A} e5 2. Nf3 Nc6 3. d4 exd4 4. Nxd4 Bb4+ 5. c3 Bc5 6. Be3 Bb6 7. Nf5 g6 {C45: Scotch Game} 8. Bxb6 axb6 9. Ne3 Nf6 10. f3 Qe7 11. c4 Qb4+ {LiveBook: 22 Games} 12. Qd2 Qxd2+ $1 13. Kxd2 d6 14. Nc3 Kd8 15. Be2 {[#]} Ne7 $146 16. g4 c6 17. h4 {[%cal Bh2h4,Bh4h5][%mdl 32]} Kc7 18. h5 g5 19. Nc2 {[%cal Be3c2,Bc2d4,Bd4f5][%mdl 32]} Nd7 20. Nd4 Nc5 21. Ke3 Ne6 ({Black should play} 21... Ng8 $14) 22. Nf5 $1 $16 {[%cal Rf5e7]} Re8 23. Rhd1 $1 Nxf5+ 24. exf5 Nc5+ 25. Kf2 Na4 26. Nxa4 Rxa4 27. h6 f6 28. Rd4 b5 29. b3 Rb4 (29... Ra3 $16 {was called for.}) 30. Rad1 $18 bxc4 31. bxc4 $2 (31. Rxd6 $18 cxb3 32. axb3 (32. Rxf6 $2 bxa2 33. Rf7+ Kb6 $19)) 31... Rb2 $11 32. R1d2 Rxd2 33. Rxd2 {[%mdl 4096] Endgame KRB-KRB} Bd7 34. f4 gxf4 35. Kf3 Re3+ 36. Kxf4 Rh3 37. Bf3 Rxh6 38. Kg3 Be8 39. Re2 Kd7 40. Re6 Bf7 {[#]} 41. g5 $1 {[%mdl 512]} Rh3+ $1 (41... fxg5 42. Rxh6) 42. Kxh3 Bxe6 43. fxe6+ Kxe6 {KB-KP} 44. Bg4+ Ke5 $1 45. gxf6 Kxf6 46. Bc8 b6 47. Bb7 b5 $2 {[%mdl 8192]} (47... c5 $11) 48. Bxc6 bxc4 {[#] KB-K3P} 49. a4 $2 ({Only move:} 49. Be4 $1 $18 Ke5 50. Bxh7) 49... c3 50. Be4 Ke5 $132 {[%mdl 2048] Black is not keeping still} 51. Bxh7 {Hoping for Bc2. KB-KPP} Kd4 52. Kg3 Kc4 $2 {[%mdl 8192]} (52... Kc5 $11) 53. Kf3 d5 54. Bc2 Kd4 55. Bb3 Kc5 56. Ke3 Kb4 57. Bd1 Kc4 58. Bc2 d4+ 59. Ke4 Kc5 60. Kd3 Kd5 61. Bb3+ Kc5 62. Bd1 Kd5 63. Bb3+ $2 (63. a5 {mates} Kc6 64. Kc4 Kb7 65. Bc2 Kc6 66. Be4+ Kd7 67. Kb5 Ke6 68. a6) 63... Kc5 64. Bc2 $2 {[%mdl 8192]} (64. Ke2 $11 Kb4 65. Bd1) 64... Kd5 {[#]} 65. a5 $1 {White mates.} Kc6 66. Kc4 d3 67. Bxd3 {Precision: White = 66%, Black = 57%.} 1-0

[Event "POR-chT 1st Divison 2018"]
[Site "Maia"]
[Date "2018.07.21"]
[Round "8"]
[White "Martinez Duany, Lelys Stanley"]
[Black "Andrade, Jose Manuel Vieira"]
[Result "1-0"]
[WhiteElo "2528"]
[BlackElo "2199"]
[Annotator "TA"]
[PlyCount "47"]
[EventDate "2018.07.16"]
[EventType "team-tourn"]
[EventCountry "POR"]
[SourceTitle "playchess.com"]
[Source "ChessBase"]
[SourceQuality "1"]

{[%evp 20,47,36,37,52,51,40,27,35,32,37,39,49,31,45,36,78,78,218,211,230,228,351,353,334,339,378,369,624,455]} 1. e4 e5 2. Nf3 Nf6 3. Nxe5 d6 4. Nf3 Nxe4 5. c4 Be7 6. Nc3 Nf6 7. d4 O-O 8. Be2 {[%cal Bf1e2,Be2c4,Bc4b3][%mdl 32]} d5 9. O-O dxc4 10. Bxc4 Bg4 11. Re1 {LiveBook: 3 Partien. C42: Russische Verteidigung (Petrow)} (11. h3 Bxf3 12. Qxf3 Nc6 13. Rd1 Nxd4 14. Qxb7 c5 15. Bf4 Qd7 16. Qxd7 Nxd7 17. Nd5 Bd8 18. Bd6 Re8 {1-0 (31) Nepomniachtchi,I (2719)-Wang,H (2734) Almaty 2016}) 11... Nbd7 12. h3 Bh5 13. Bf4 {[%cal Bc1f4,Bf4g3,Bg3e5,Be5c3,Bc3b4][%mdl 32] Weiß steht etwas besser.} Nb6 14. Bb3 c6 15. g4 Bg6 16. Ne5 Nfd5 17. Bg3 $146 ({Vorgänger:} 17. Nxd5 Nxd5 18. Bxd5 cxd5 19. Nxg6 hxg6 20. Rc1 Bd6 21. Qf3 Qf6 {0-1 (19) Guzhin,M (1746)-Polosin,E (1903) Cheliabinsk 2011}) 17... Bb4 18. h4 $36 {[%mdl 2048] Droht h5 und aus. Weiss hat starke Initiative.} Bxc3 (18... Nxc3 $16 19. bxc3 Bxc3) 19. bxc3 $18 Nxc3 20. Qf3 Qxd4 (20... Nb5 $142) 21. Nxg6 hxg6 22. Be5 Qd8 {Weiss sollte ...Scd5 verhindern.} 23. Bxc3 Qxh4 $2 {[#]} (23... Nd5 24. Rad1 Qxh4 25. Bxd5 cxd5 26. Rxd5 Rac8) 24. Bb4 {Precision: Weiß = 89%, Schwarz = 16%.} 1-0

[Event "POR-chT 1st Divison 2018"]
[Site "Maia"]
[Date "2018.07.21"]
[Round "8"]
[White "Korneev, Oleg"]
[Black "Fernandes, Antonio"]
[Result "1-0"]
[WhiteElo "2506"]
[BlackElo "2403"]
[Annotator "TA"]
[PlyCount "71"]
[EventDate "2018.07.16"]
[EventType "team-tourn"]
[EventCountry "POR"]
[SourceTitle "playchess.com"]
[Source "ChessBase"]
[SourceQuality "1"]

{[%evp 23,71,23,12,0,0,0,0,0,0,0,47,55,47,45,70,80,64,57,84,46,33,20,38,32,30,31,28,31,37,11,31,25,77,41,40,52,47,86,106,133,212,202,231,231,462,456,541,528,758,741]} 1. e4 e6 2. d4 d5 3. Nd2 c5 4. Ngf3 cxd4 5. Nxd4 Nc6 6. Bb5 Bd7 7. Nxc6 Bxc6 8. Bxc6+ bxc6 9. c4 {C07: French Tarrasch: 3...c5, 4 Ngf3 and 4 exd5 Qxd5} Qa5 10. O-O Nf6 11. Qc2 Qa6 12. a3 Be7 {LiveBook: 3 Games} 13. Rb1 $146 ({Predecessor:} 13. exd5 cxd5 14. c5 Qb5 15. b4 a5 16. Bb2 O-O {1-0 (41) Oleksienko,M (2596)-Farago,I (2465) Dresden 2013}) 13... O-O 14. b4 Nxe4 15. Nxe4 dxe4 16. Qxe4 Bf6 17. b5 cxb5 18. cxb5 ({But not} 18. Rxb5 Rac8 $15) 18... Qa5 19. a4 Rfd8 20. Be3 Rd5 21. Qb4 Qd8 22. b6 axb6 23. Bxb6 Qd7 24. a5 h6 25. g3 Bd4 26. Rfc1 Rb8 {[#] Threatens to win with ...Bxf2+!} 27. Qc4 Rb7 (27... Bxb6 $11 28. axb6 Qb7) 28. Qc8+ Qxc8 29. Rxc8+ Kh7 30. Rc7 $36 {[%mdl 2048] Black is under strong pressure.} Rb8 {Black wants to play ...Rxa5!} 31. Rb4 ({Reject} 31. Rxf7 $6 Rxa5 32. Bxa5 Rxb1+ 33. Kg2 Rb2 $11) 31... Be5 (31... e5 $16) 32. Rxf7 $18 Bc3 33. Ra4 Ra8 $2 {[#]} (33... e5 {was worth a try.} 34. a6 Rxb6) 34. a6 {[%cal Ba5a6,Ba6a7][%mdl 32] White is clearly winning.} Rd6 35. Rb7 e5 {Black hopes to continue with ...Bd4.} 36. a7 {Precision: White = 70%, Black = 42%.} 1-0

[Event "POR-chT 1st Divison 2018"]
[Site "Maia"]
[Date "2018.07.21"]
[Round "8"]
[White "Oratovsky, Michael"]
[Black "Lombaers, Peter"]
[Result "1-0"]
[WhiteElo "2474"]
[BlackElo "2361"]
[Annotator "TA"]
[PlyCount "87"]
[EventDate "2018.07.16"]
[EventType "team-tourn"]
[EventCountry "POR"]
[SourceTitle "playchess.com"]
[Source "ChessBase"]
[SourceQuality "1"]

{[%evp 14,86,7,15,47,50,50,27,46,42,60,44,58,41,53,49,51,51,58,31,39,43,49,52,85,36,133,126,243,186,291,263,272,293,521,514,495,461,450,419,414,304,312,304,375,375,368,286,264,206,205,153,154,153,145,145,145,152,548,305,562,315,29986,29987,29992,275,221,0,29992,29993,29997,29998,29998,29999,29999]} 1. e4 c5 2. Nf3 e6 3. g3 Nc6 4. Bg2 Nf6 5. d3 Be7 6. O-O O-O 7. e5 {B40: Sicilian: 2...e6, Unusual lines} Ng4 8. Re1 {LiveBook: 3 Games} d6 $146 ({Predecessor:} 8... f6 9. exf6 Nxf6 10. c4 Qb6 11. Nc3 d6 12. a3 e5 13. Be3 Bg4 14. h3 Bh5 {1-0 (41) Svidler,P (2745)-Van Foreest,J (2615) Germany 2017}) 9. exd6 {White is slightly better.} Bxd6 10. Nbd2 Nf6 11. Nc4 Be7 12. a4 Nd5 13. a5 Rb8 14. c3 b5 15. axb6 $1 axb6 16. Nfe5 Nxe5 17. Nxe5 {Strongly threatening Nc6.} Bb7 18. Ra7 $36 {[%mdl 2048] Hoping for c4. White is more active.} Qc8 19. Qa4 Ra8 ({Black should play} 19... Rd8 $14) 20. c4 $16 {[%cal Bc3c4,Bc4d5][%mdl 32]} f6 (20... Nb4 $16 {keeps fighting.}) 21. Rxa8 ({Don't do} 21. cxd5 $6 fxe5 22. Rxa8 (22. Rxe5 Qb8 $16) 22... Qxa8) 21... Bxa8 (21... Qxa8 {might work better.} 22. Qxa8 Bxa8) 22. cxd5 $18 fxe5 23. Rxe5 Bd6 $2 (23... Qe8 24. Qxe8 Rxe8 25. Rxe6 Kf8) 24. Rxe6 Qd8 25. h4 Bb7 26. Bg5 Qc7 27. Re8 h6 28. Be3 Qf7 29. Rxf8+ Kxf8 30. Qb5 Qc7 31. Be4 Bxg3 32. Bg6 {[%csl Gg6][%cal Rb5e8]} ({Weaker is} 32. fxg3 Qxg3+ 33. Kf1 Qxe3 $11) 32... Bh2+ 33. Kf1 {[%csl Gg6][%cal Rb5e8]} Qd8 {[#]} 34. Bxc5+ $1 {[%mdl 512]} bxc5 35. Qxb7 {[%csl Gg6][%cal Rb7f7]} Kg8 $2 (35... Bc7 $16 36. Qa7 Qd6) 36. Qf7+ Kh8 37. Bf5 Bd6 $2 (37... Bc7 $18 38. h5 Bf4) 38. Qg6 {[%csl Gf5][%cal Rg6h7]} Kg8 39. Be6+ $2 (39. Qh7+ {mates} Kf8 40. Qh8+ Kf7 41. Qxd8 Be7 42. Qd7 g5 43. Qe6+ Kf8 44. Bg6 Kg7 45. Qf7+ Kh8 46. Qh7#) 39... Kh8 40. Bf5 $2 (40. b4 $18 Qf6 41. Qe8+ Qf8 42. Qxf8+ Bxf8 43. b5) 40... Kg8 41. Qh7+ {White mates.} Kf7 42. Be6+ Ke8 43. Qg6+ Ke7 44. Qf7# {Precision: White = 64%, Black = 41%.} 1-0

[Event "POR-chT 1st Divison 2018"]
[Site "Maia"]
[Date "2018.07.21"]
[Round "8"]
[White "Kaczur, Florian"]
[Black "Turcer, Dusan"]
[Result "1-0"]
[WhiteElo "2471"]
[BlackElo "2039"]
[Annotator "TA"]
[PlyCount "63"]
[EventDate "2018.07.16"]
[EventType "team-tourn"]
[EventCountry "POR"]
[SourceTitle "playchess.com"]
[Source "ChessBase"]
[SourceQuality "1"]

{[%evp 30,63,0,0,48,20,27,14,24,14,80,88,81,60,43,37,43,47,40,0,193,180,191,181,318,325,326,307,510,522,570,623,1119,1112,1096,1096]} 1. e4 c5 2. Nf3 Nc6 3. Nc3 g6 4. d4 cxd4 5. Nxd4 Bg7 6. Be3 d6 7. Bc4 Nf6 8. h3 O-O 9. Bb3 Na5 10. O-O a6 11. Re1 Bd7 12. Qd2 Rc8 13. Bh6 Nc4 14. Bxc4 {B72: Sicilian Dragon: 6 Be3, lines with h3+Bc4 and sidelines} Rxc4 15. Bxg7 Kxg7 16. Rad1 {LiveBook: 4 Games. The position is equal.} (16. Nb3 b5 17. a3 Be6 18. Nd4 Bd7 19. Nb3 Bc6 20. e5 dxe5 21. Qxd8 Rxd8 {0-1 (57) Tissir,M (2413)-Guseinov,G (2631) Abu Dhabi 2013}) 16... Qa5 17. f4 e5 18. Nb3 Qb6+ 19. Kh1 $146 ({Predecessor:} 19. Kh2 exf4 20. Qxf4 d5 21. Nxd5 Nxd5 22. Rxd5 {1-0 (53) Klundt,K (2340)-Hein,E (2096) Bad Wiessee 2013}) 19... exf4 (19... Bc8 $11 {keeps the balance.}) 20. Qxf4 $16 d5 21. Nxd5 Nxd5 22. Rxd5 Bc6 23. Rd6 $36 {[%mdl 2048] Black must now prevent Rf1. White is pushing.} Kg8 24. Rf6 Qb4 $2 {[#]} (24... Qd8 $11 {and Black has nothing to worry.}) 25. c3 $18 Qe7 {[%cal Rc4e4]} 26. Nd4 Kg7 (26... Rc5 $142 27. e5 Bd5) 27. e5 {[%cal Be4e5,Be5e6][%mdl 32]} Bd5 28. Rf1 Rcc8 $2 (28... Kg8 29. Rd6 Bc6) 29. Qg5 {[#] Strongly threatening Nf5+.White is clearly winning.} Kh8 30. e6 Rcd8 31. Qe5 {[%cal Rf6f7] Threatening mate with Rxf7+.} Kg8 32. Rxf7 {Precision: White = 78%, Black = 43%.} 1-0

[Event "POR-chT 1st Divison 2018"]
[Site "Maia"]
[Date "2018.07.21"]
[Round "8"]
[White "Iruzubieta Villaluenga, Jesus"]
[Black "Vassallo Barroche, Mauricio"]
[Result "1-0"]
[WhiteElo "2439"]
[BlackElo "2386"]
[Annotator "TA"]
[PlyCount "83"]
[EventDate "2018.07.16"]
[EventType "team-tourn"]
[EventCountry "POR"]
[SourceTitle "playchess.com"]
[Source "ChessBase"]
[SourceQuality "1"]

{[%evp 20,83,68,43,54,55,81,39,56,53,48,56,88,77,244,245,248,198,178,147,172,116,100,99,99,106,134,136,137,87,82,85,85,85,87,87,84,15,17,15,37,16,49,38,50,48,99,79,96,86,222,211,328,322,301,290,319,267,540,479,5097,5093,5081,1031,1022,1014]} 1. e4 c5 2. Nf3 d6 3. d4 cxd4 4. Nxd4 Nf6 5. Nc3 g6 6. Be3 Bg7 7. f3 a6 8. Bc4 Nbd7 {B75: Sizilianisch (Moderne Drachen-Variante)} 9. Qd2 b5 10. Bb3 Bb7 11. O-O-O {LiveBook: 19 Partien} (11. Bh6 Bxh6 12. Qxh6 Rc8 13. O-O-O Rxc3 14. bxc3 Qc7 15. Kb2 Ne5 16. Rhe1 {1-0 (56) So,W (2808)-Javakhadze,Z (2468) chess.com INT 2017}) 11... Qc7 12. Kb1 Nc5 $146 ({Vorgänger:} 12... Rc8 13. g4 Ne5 14. h4 h5 15. gxh5 Rxh5 16. Qg2 {0-1 (24) Lodoev,A (2145)-Demianjuk,A (2342) Khanty-Mansiysk 2012}) 13. Nd5 Bxd5 14. Bxd5 Rc8 15. Bh6 Bxh6 16. Qxh6 e6 $2 (16... Rg8 $16) 17. Qg7 $1 $18 {[%csl LRf6,LRh8]} Nxd5 18. Qxh8+ Ke7 19. Qxh7 Ne3 {[#]} 20. Qh4+ ({Günstiger ist} 20. Rc1 $1 $18) 20... Ke8 $16 21. Qf2 (21. Qe1 {feels hotter.} Nxd1 22. Qxd1 d5 23. exd5 Rd8 24. dxe6 Nxe6 25. Re1) 21... Nxd1 22. Rxd1 Na4 23. c3 Nb6 24. Nb3 d5 25. exd5 Nxd5 26. g3 Kf8 27. f4 a5 28. Nd4 (28. Rc1 $16) 28... b4 $11 29. cxb4 axb4 30. Nb3 {Schwarz muss nun Tc1 beachten.} Qb7 31. g4 {[%cal Bg3g4,Bg4f5][%mdl 32]} Rd8 {Droht stark ...Sc3+!} 32. Ka1 Ra8 {[#]} (32... Rd6 $14) 33. f5 $1 $16 {[%cal Rf5e6] Und fxe6 würde nun gewinnen.} gxf5 34. gxf5 Qa6 (34... Qa7 $16 {ist eine bessere Verteidigung.} 35. Qxa7 Rxa7) 35. Nc1 $18 b3 (35... Rc8 $142 36. Qd2 Qc4 37. Qh6+ Ke7) 36. Qc5+ Ke8 {und nun wäre ...Tc8 stark für Schwarz.} 37. fxe6 fxe6 {Schwarz plant ...Tc8.} 38. Rg1 bxa2 $2 {[#]} (38... Kf7 39. Qd4 Ke7) 39. Nd3 $1 {[%mdl 512] Weiß steht klar auf Gewinn.} Ne7 (39... Qxd3 $142 40. Qc6+ Ke7) 40. Qh5+ Kd8 41. Nc5 (41. Rd1 $142 Qc8 42. Nb4+ Nd5 43. Nxd5 exd5 44. Rxd5+ Kc7 45. Qe5+ Kb7 46. Qe7+ Qc7 47. Rb5+ Kc8 48. Qe8+ Qd8 49. Qc6+ Qc7 50. Qxa8+ Kd7 51. Rb7) 41... Qc6 {[#]} 42. Nxe6+ $1 {[%mdl 512] Precision: Weiß = 78%, Schwarz = 36%.} 1-0

[Event "POR-chT 1st Divison 2018"]
[Site "Maia"]
[Date "2018.07.21"]
[Round "8"]
[White "Larino Nieto, David"]
[Black "Silva, Luis"]
[Result "1-0"]
[WhiteElo "2423"]
[BlackElo "2360"]
[Annotator "TA"]
[PlyCount "151"]
[EventDate "2018.07.16"]
[EventType "team-tourn"]
[EventCountry "POR"]
[SourceTitle "playchess.com"]
[Source "ChessBase"]
[SourceQuality "1"]

{[%evp 16,151,14,0,0,-9,-4,-6,-10,-24,-17,-54,-52,-68,-52,-47,-61,-164,-145,-161,-173,-197,-185,-191,-190,-195,-191,-206,-161,-181,-175,-219,-231,-251,-194,-246,-189,-247,-249,-272,-232,-260,-239,-223,-229,-237,-201,-234,-220,-262,-201,-252,-258,-297,-256,-260,-216,-231,-218,-212,-152,-197,-181,-225,-246,-238,-233,-255,-243,-266,-212,-269,-273,-273,-280,-283,-277,-297,-297,-306,-300,-303,-291,-324,-311,-363,-359,-364,-364,-364,-364,-361,-364,-361,-364,-377,-321,-363,-350,-357,-342,-363,-372,-377,-346,-369,-375,-439,-458,-469,-473,-491,-500,-604,-595,-643,-533,-508,-520,-595,-481,-521,-506,-506,-377,-334,-224,-314,-272,-399,-159,-181,62,-6,214,238,29992,29993]} 1. e4 c5 2. Nc3 a6 3. a4 Nc6 4. g3 g6 5. Bg2 Bg7 6. d3 {B23: Closed Sicilian: Lines without g3} d6 (6... Rb8 7. f4 d6 8. h3 b5 9. axb5 axb5 10. Nf3 b4 11. Nd5 e6 {0-1 (42) Larino Nieto,D (2491)-Salgado Lopez,I (2614) Linares 2013}) 7. f4 e6 8. Nf3 Nge7 9. O-O {LiveBook: 3 Games} O-O 10. Be3 b6 {[%cal Bb7b6,Bb6c5][%mdl 32]} 11. d4 Bb7 $146 ({Predecessor:} 11... cxd4 12. Nxd4 Bb7 13. Nce2 Qc7 14. Rc1 Rfd8 15. c4 Nxd4 16. Bxd4 Bxd4+ 17. Qxd4 Qc5 {½-½ (75) Preuss,F (1994)-Pedersen,C (1734) Helsingor 2013}) 12. Bf2 Qc7 13. g4 Na5 14. dxc5 bxc5 15. Qe2 d5 16. Ne5 (16. exd5 $15 Nxd5 17. Nxd5 exd5 18. Ne5) 16... d4 $19 ({But not} 16... Bxe5 17. fxe5 d4 18. Na2 $15) 17. Nb1 g5 $1 {[%cal Bg6g5,Bg5f4][%mdl 32]} (17... Bxe5 18. fxe5 Nec6 19. Nd2 $17) 18. Nd2 gxf4 19. Nec4 Nxc4 20. Nxc4 e5 21. Be1 Nc6 22. Ra3 Bc8 23. Rh3 Be6 24. Rh4 f6 25. Rf3 (25. Rf2 $142) 25... Rf7 26. Rfh3 (26. b3 {was necessary.}) 26... Bf8 27. Bf3 Ra7 28. a5 Be7 29. Nb6 Qd8 30. Qf1 Kh8 31. Be2 Qg8 32. Kh1 Rg7 33. Ra3 Nb4 ({Resist} 33... Bxg4 34. Bxg4 Rxg4 35. Rxh7+ $1 {[%mdl 512]} Kxh7 36. Qh3+ Kg7 37. Qxg4+ Kf7 38. Qe2 $17) 34. Bd1 Bd8 {[%cal Re6g4]} 35. h3 Qe8 36. c3 Nc6 $1 37. Ba4 Rgc7 38. Rh6 Qf7 39. c4 Qg7 40. Rh4 Rab7 41. Qe2 Bf7 42. Bd1 Rb8 43. Nd5 Rcb7 44. b3 Bg6 45. Qd3 Ne7 46. Nxe7 Bxe7 47. Kg2 Be8 48. Bf3 Bf7 49. Kh2 Qf8 50. Kg2 Qd8 51. Kf1 Kg7 52. Rh5 Bxh5 53. gxh5 Kh8 54. Bg4 Qf8 55. Be6 Qh6 56. Bg4 Rg8 57. Ra2 Bd8 58. Rg2 Qf8 59. Ra2 Qe8 60. Re2 Bc7 61. Kf2 Qe7 62. Kf3 Rgb8 63. Rb2 Qd8 64. Be6 Bxa5 65. Bh4 Qe7 66. Bd5 Rb6 67. Qd1 Qe8 68. Kf2 Qd7 69. Kg2 Rd6 70. Kh2 Qe7 71. Ra2 (71. Rg2 $142) 71... Bc3 72. h6 (72. Rg2 $142) 72... Rxd5 $2 (72... Qf8 $19 {and Black stays clearly on top.} 73. Rg2 Qxh6) 73. cxd5 {[#]} a5 $2 (73... Rb6 $1 $19 {Strongly threatening ...Qf8.} 74. Qg4 Qf8) 74. Qg4 $1 $14 {[%mdl 1024] Threatens to win with Rg2. White has compensation.} d3 $2 {[#]} (74... Rg8 $1 $11 75. Qf5 Rf8) 75. Rg2 $1 $18 {White wants to mate with Qe6.} d2 $2 (75... c4 $18 76. Qe6 Qxe6 77. dxe6 Rf8 78. e7 Bb4 79. e8=Q Be7 80. Bxf6+ Bxf6 81. Qxf8#) 76. Qe6 {Precision: White = 42%, Black = 51%.} 1-0